Memorandum on rating and valuation, prepared by the Rating and Valuation Association...for consideration at the Association`s conference at Torquay in October 1965 (Record no. 86828)

MARC details
000 -LEADER
fixed length control field 00562cam a2200181 4500
001 - CONTROL NUMBER
control field D8104
008 - FIXED-LENGTH DATA ELEMENTS--GENERAL INFORMATION
fixed length control field 090401t1965 xxu||||| |||| 00| 0 eng d
035 ## - SYSTEM CONTROL NUMBER
System control number (Sirsi) u11192
041 ## - LANGUAGE CODE
Language code of text/sound track or separate title eng
050 ## - LIBRARY OF CONGRESS CALL NUMBER
Classification number 336.21
110 ## - MAIN ENTRY--CORPORATE NAME
Corporate name or jurisdiction name as entry element Rating and Valuation Association
9 (RLIN) 1873
245 ## - TITLE STATEMENT
Title Memorandum on rating and valuation, prepared by the Rating and Valuation Association...for consideration at the Association`s conference at Torquay in October 1965
260 ## - PUBLICATION, DISTRIBUTION, ETC.
Place of publication, distribution, etc. London
Name of publisher, distributor, etc. RVA
Date of publication, distribution, etc. 1965
300 ## - PHYSICAL DESCRIPTION
Extent iv. 24p. 26cm
350 ## - PRICE (NR) (BK AM CF MU VM SE) [OBSOLETE]
Price 0
942 ## - ADDED ENTRY ELEMENTS (KOHA)
Suppress in OPAC 0
948 ## - LOCAL PROCESSING INFORMATION (OCLC); SERIES PART DESIGNATOR (RLIN)
c (OCLC) 04/03/1997
Holdings
Withdrawn status Lost status Source of classification or shelving scheme Damaged status Not for loan Home library Current library Shelving location Date acquired Total Checkouts Full call number Barcode Date last seen Copy number Price effective from Koha item type
    Dewey Decimal Classification     London London Basement 14/09/1999   SHELF 326 (PAMPHLET) 30001905 06/08/2019 1 06/08/2019 Reference material